000 003260000a22001450004500
003 MACL
005 20160105150546.0
008 160105b xxu||||| |||| 00| 0 eng d
040 _aMACL
_cMACL
041 _aEnglish
082 _a823
245 _aSelected Essays 1884-1907
650 _aEssays
_928113
942 _cBK
_k823
_2ddc
999 _c36384
_d36384